Normal view
MARC view
Entry Topical Term
001 - CONTROL NUMBER
- control field: 14047
003 - CONTROL NUMBER IDENTIFIER
- control field: BD-RjUL
005 - DATE AND TIME OF LATEST TRANSACTION
- control field: 20241103114612.0
008 - FIXED-LENGTH DATA ELEMENTS
- fixed length control field: 241103|| aca||aabn | a|a d
040 ## - CATALOGING SOURCE
- Original cataloging agency: BD-RjUL
- Transcribing agency: BD-RjUL
150 ## - HEADING--TOPICAL TERM
- Topical term or geographic name entry element: Islamic civilization
- Chronological subdivision: Since 1800
670 ## - SOURCE DATA FOUND
- Source citation: Work cat.: (BD-RjUL)84212: National Hijra Conference on History and Culture (1980 : Islāmābād, Pakistan) 14046, اسلام دور حاضر ميں : منتخب مضمىن / Islām daure-e- ḥāz̤ir men̲ : muntak̲h̲ab maz̤amīn / , 1984.